| 000 | 00466nam a22002057a 4500 | ||
|---|---|---|---|
| 005 | 20250219152617.0 | ||
| 008 | 220331b2005 xxu||||| |||| 00| 0 spa d | ||
| 020 | _a8483326604 | ||
| 041 | _aESP | ||
| 082 | _aR 530 D545d | ||
| 245 | _aDiccionario esencial física | ||
| 260 | _aEspaña | ||
| 260 | _bSpes Editorial | ||
| 260 | _c2005 | ||
| 300 | _a344 páginas | ||
| 650 | _aFÍSICA BÁSICA | ||
| 650 | _aLEYES | ||
| 650 | _aTEORÍAS | ||
| 942 |
_cREF _2ddc |
||
| 999 |
_c13305 _d13305 |
||